| 000 | | | 04409nmc2a22000003x 450 |
| 001 | | | e087dbf2-c7d8-412a-b31f-f5e53ce4a9a8 |
| 005 | | | 20181228104713.0 |
| 100 | ## | $a | 20170704l18481848k l0rusy0189 ca |
| 101 | 0# | $a | rus |
| 102 | ## | $a | RU |
| 200 | 1# | $a | Дело о доставлении статей о театре прежде напечатания их в "Полицейской газете" на цензуру в третье отделение Собственной его величества Канцелярии |
| | $j | 11 февраля - 25 мая 1848 г. |
| 251 | ## | $c | Дело |
| 300 | ## | $a | По Московской дирекции за 1848 год |
| 300 | ## | $a | Ориг. заголовок дела: Дело о сношении с московским обер-полицеймейстером, чтобы статьи о театре для полицейской газеты печатались не иначе, как после одобрения их в третьем отделении Собственной его императорского величества канцелярии. 11 февраля 1848 г. - 25 мая 1848 г |
| 801 | #0 | $a | RU |
| | $b | РГИА |
| | $c | 20170704 |
| | $g | RCR |
| 801 | #1 | $a | RU |
| | $b | ГлавНИВЦ |
| | $c | 20170704 |
| | $2 | rusmarc |
| 801 | #2 | $a | RU |
| | $b | ПБ им. Б.Н. Ельцина |
| | $c | 20181228 |
| | $g | RCR |
| | $2 | rusmarc |
| 850 | ## | $a | РГИА |
| 852 | ## | $a | РГИА |
| | $e | Федеральное казенное учреждение "Российский государственный исторический архив" (РГИА) |
| | $j | 11942 |
| 937 | ## | $h | РГИА |
| | $d | 12247980 |
| | $a | ASBIBLIO_SCAN |
| 462 | #0 | $1 | 001dd3991dc-24e1-42ec-8838-ca4255420416 |
| | $1 | 2001 |
| | $a | Дирекция императорских театров (1746-1850 гг.) |
| | $1 | 251 |
| | $c | Опись |
| | $1 | 852 |
| | $j | 1 |
| 461 | #0 | $1 | 0019264ebf8-de62-4f1a-9eb4-9f22098dbbd5 |
| | $1 | 2001 |
| | $a | Дирекция императорских театров Министерства императорского двора |
| | $1 | 251 |
| | $c | Фонд |
| | $1 | 852 |
| | $j | 497 |
| 215 | ## | $a | 10 л. |
| | $d | 36,5х26 см |
| 371 | ## | $a | Документ не является опубликованным и широко распространяемым |
| 105 | ## | $a | y### |
| 122 | 2# | $a | d |
| 517 | 1# | $a | Дело о сношении с московским обер-полицеймейстером, чтобы статьи о театре для полицейской газеты печатались не иначе, как после одобрения их в третьем отделении Собственной его императорского величества канцелярии. 11 февраля 1848 г. - 25 мая 1848 г |
| 035 | ## | $a | e087dbf2-c7d8-412a-b31f-f5e53ce4a9a8 |
| 856 | ## | $u | http://readingroom.main.prlib.ru/item.aspx?id_node=n122628643&mode=full |